01456nam a2200385 45000010009000000050017000090060005000260070004000310080004000350200015000390350026000540400026000800500025001060820012001312100051001432450084001942600045002783000026003234900053003495040051004025060043004536500040004966500059005366500047005956500025006426500027006676500038006946500026007326510061007586550029008197000027008487730029008758300054009048560112009581091486420250407102028.0000 000000 a0415288509 a(WaSeSS)ssj0000079493 aUOELcCaPaEBRdWaSeSS 4aHF1418.5b.G586 200204a33722110aGlobalization, marginalization and development00aGlobalization, marginalization and development /cedited by S. Mansoob Murshed. aLondon ;aNew York :bRoutledge,cc2002. axiv, 256 p. :bill. ;1 aRoutledge studies in development economics ;v28 aIncludes bibliographical references and index. aLicense restrictions may limit access. 0aInternational economic integration. 0aGlobalizationxEconomic aspectszDeveloping countries. 0aIncome distributionzDeveloping countries. 0aInternational trade. 0aInternational finance. 0aInternational economic relations. 0aEconomic development. 0aDeveloping countriesxEconomic conditionsy20th century. 7aElectronic books.2local1 aMurshed, Syed Mansoob. 0tBusiness Source Complete 0aRoutledge studies in development economics ;v28.40uhttp://www.columbia.edu/cgi-bin/cul/resolve?clio10914864zFull text available from Business Source Complete